Estimating the mean and covariance structure nonparametrically when the data are curves.

Odvodenie metódy analýzy sústavy kriviek, ktoré sú stochasticky modelované ako nezávislé realizácie ľubovoľnej funkcie s neznámym priemerom a štruktúrou kovariancie. Návrh metódy neparametrického odhadu priemernej funkcie za predpokladu, že je hladká.

Guardado en:
Detalles Bibliográficos
Autor principal: Rice, J.A
Otros Autores: Silverman, B.W
Formato: Capítulo de libro
Lenguaje:inglés
Materias:
Etiquetas: Agregar Etiqueta
Sin Etiquetas, Sea el primero en etiquetar este registro!

MARC

LEADER 00000naa a2200000 4500
001 r007288
005 20221213085044.1
041 0 |a eng 
044 |a GB 
245 1 0 |a Estimating the mean and covariance structure nonparametrically when the data are curves.  |c J.A. Rice, B.W. Silverman 
520 |a Odvodenie metódy analýzy sústavy kriviek, ktoré sú stochasticky modelované ako nezávislé realizácie ľubovoľnej funkcie s neznámym priemerom a štruktúrou kovariancie. Návrh metódy neparametrického odhadu priemernej funkcie za predpokladu, že je hladká. 
610 2 0 |a metódy matematicko-štatistické 
610 2 0 |a matematika 
610 2 0 |a odhad štatistický 
100 1 |a Rice, J.A. 
700 1 |a Silverman, B.W.